Kolostrálne mlieko a jeho benefity
Saved in:
| Main Author: | |
|---|---|
| Other Authors: | |
| Format: | Manuscript Book |
| Language: | Slovak |
| Subjects: | |
| Online Access: | http://is.stuba.sk/zp/portal_zp.pl?podrobnosti=93497 |
| Tags: |
No Tags, Be the first to tag this record!
|
MARC
| LEADER | 00000ntm a22000003a 4500 | ||
|---|---|---|---|
| 001 | stuzp45711 | ||
| 003 | SK-STU | ||
| 005 | 20160229160104.6 | ||
| 007 | ta | ||
| 008 | 150427s2015----xo-----f-mn---000-0-slo-d | ||
| 040 | |a STU |b slo | ||
| 041 | 0 | |a slo | |
| 100 | 1 | |a Tatarková, Erika |u 044250 |4 aut |U FCHPT Ústav biotechnológie a potravinárstva |T FCHPT Oddelenie potravinárskej technológie |X 43163 |U C4250 |Y 115 |7 43163 | |
| 242 | 0 | 1 | |a Colostral milk and its benefits |y eng |
| 245 | 1 | 0 | |a Kolostrálne mlieko a jeho benefity |
| 650 | 4 | |a kolostrum |2 slo | |
| 650 | 4 | |a imunita |2 slo | |
| 650 | 4 | |a infekcia |2 slo | |
| 650 | 4 | |a mikroorganizmy |2 slo | |
| 650 | 4 | |a bioaktívne látky |2 slo | |
| 650 | 4 | |a colostrum |2 eng | |
| 650 | 4 | |a immunity |2 eng | |
| 650 | 4 | |a infection |2 eng | |
| 650 | 4 | |a microorganisms |2 eng | |
| 650 | 4 | |a bioactive components |2 eng | |
| 700 | 1 | |a Greifová, Mária, |d 1961- |4 ths |X 3880 |7 A000003880 | |
| 856 | 4 | |u http://is.stuba.sk/zp/portal_zp.pl?podrobnosti=93497 | |
| SQL | |a stuzp45711 |b DBP |c SLO |d Kolostrálne mlieko a jeho benefity |e 43163 |f Tatarková, Erika |g 044250 |h 3880 |i Greifová, Mária |j 20140715 |k 520 |l 04 |m http://is.stuba.sk/zp/portal_zp.pl?podrobnosti=93497 | ||